00802nam a2200229 a 450000100060000000300080000600500170001400800410003103500200007203500120009204000350010404100080013908200280014710000330017524500900020826000460029830000250034450000790036950400410044865100370048971000460052642045BD-RjUL20211209053503.0160609s1965 enk b 000 0 eng d a(BD-RjUL) 42163 a1623192 aNZOCbengcNZOCdSLd(BD-RjUL) aeng 223 a327.68 bSPR 1965 1 aSpence, J. E.q(John Edward)10aRepublic under pressure :ba study of South African foreign policy /cby J.E. Spence. aLondon :bOxford University Press,c1965. avi, 132 p. ;c19 cm. aIssued under the auspices of the Royal Institute of International Affairs. aIncludes bibliographical references. 0aSouth AfricaxForeign relations.2 aRoyal Institute of International Affairs.